[Event "Kyiv Spring op"]
[Site "Kiev"]
[Date "2023.03.25"]
[Round "1"]
[White "Zubkov, Andrey1"]
[Black "Shishkin, Vadim"]
[Result "0-1"]
[WhiteElo "1692"]
[BlackElo "2417"]
[PlyCount "28"]
[EventDate "2023.03.25"]
[EventType "swiss"]
[EventRounds "9"]
[EventCountry "UKR"]
[SourceTitle "CBM 213 Extra"]
[Source "ChessBase"]
[SourceDate "2023.05.31"]
[SourceVersion "1"]
[SourceVersionDate "2023.05.31"]
[SourceQuality "1"]

1. d4 Nf6 2. c4 g6 3. Nc3 d5 4. c5 b6 5. b4 a5 6. Qa4+ Bd7 7. b5 bxc5 8. dxc5 c6 9. b6 Bg7 10. Rb1 Bf5 11. b7 Ra7 12. Rb6 Nfd7 13. Bd2 Nxc5 14. Qa3 Qxb6 0-1

[Event "Kiev Shystariov Rapid"]
[Site "Kiev"]
[Date "2022.08.27"]
[Round "6"]
[White "Mikhalsky, Vladimir"]
[Black "Shishkin, Vadim"]
[Result "1/2-1/2"]
[WhiteElo "2269"]
[BlackElo "2417"]
[PlyCount "135"]
[EventDate "2022.08.27"]
[EventType "swiss (rapid)"]
[EventRounds "9"]
[EventCountry "UKR"]
[SourceTitle "CBM 209 Extra"]
[Source "ChessBase"]
[SourceDate "2022.09.30"]
[SourceVersion "1"]
[SourceVersionDate "2022.09.30"]
[SourceQuality "1"]

1. c4 e5 2. Nc3 Nc6 3. g3 g6 4. Bg2 Bg7 5. e3 d6 6. Nge2 Nge7 7. d3 0-0 8. 0-0 Be6 9. Nd5 a5 10. h3 Qd7 11. Kh2 f5 12. f4 Bf7 13. Nec3 Nxd5 14. Nxd5 Ra7 15. Qa4 Rd8 16. Qa3 Ne7 17. e4 Nxd5 18. cxd5 exf4 19. gxf4 c5 20. dxc6 bxc6 21. exf5 Qxf5 22. Bd2 c5 23. Be4 Qh5 24. Bf3 Qh4 25. Bg2 Bd4 26. Be1 Qf6 27. Bc3 Re8 28. Bxd4 Qxd4 29. Qc3 Qxc3 30. bxc3 Re2 31. a3 Bd5 32. Rg1 Rae7 33. Kh1 Rxg2 34. Rxg2 Re2 35. Rag1 Re3 36. Kh2 Bxg2 37. Kxg2 Rxd3 38. Rc1 c4 39. a4 Kf7 40. Rb1 Rxc3 41. Rb5 Rd3 42. Rxa5 c3 43. Ra7+ Ke6 44. Rxh7 d5 45. a5 d4 46. a6 c2 47. Rc7 Rc3 48. Rxc3 dxc3 49. a7 c1Q 50. a8Q Qd2+ 51. Kg3 Qd3+ 52. Kg4 Qf5+ 53. Kg3 Qd3+ 54. Kg4 Qe2+ 55. Kg3 Qe1+ 56. Kg4 Qg1+ 57. Kh4 Qe1+ 58. Kg4 Qd1+ 59. Kg3 c2 60. Qe8+ Kd5 61. Qd7+ Kc4 62. Qc6+ Kb3 63. Qb5+ Kc3 64. Qc5+ Kd2 65. Qd4+ Kc1 66. Qa1+ Kd2 67. Qd4+ Kc1 68. Qa1+ 1/2-1/2

[Event "UKR-ch Rapid"]
[Site "Omelnyk"]
[Date "2021.10.01"]
[Round "5"]
[White "Shishkin, Vadim"]
[Black "Neverov, Valeriy"]
[Result "1/2-1/2"]
[WhiteElo "2425"]
[BlackElo "2442"]
[PlyCount "47"]
[EventDate "2021.10.01"]
[EventType "swiss (rapid)"]
[EventRounds "9"]
[EventCountry "UKR"]
[SourceTitle "CBM 204 Extra"]
[Source "ChessBase"]
[SourceDate "2021.11.30"]
[SourceVersion "1"]
[SourceVersionDate "2021.11.30"]
[SourceQuality "1"]

1. d4 d5 2. c4 c6 3. Nf3 Nf6 4. e3 e6 5. b3 Nbd7 6. Nbd2 b6 7. Bb2 Bb7 8. Bd3 Bd6 9. 0-0 0-0 10. Ne5 c5 11. cxd5 exd5 12. f4 cxd4 13. exd4 Ne4 14. Nxe4 dxe4 15. Bc4 Nf6 16. Qe2 Qe7 17. Rad1 Ba3 18. d5 Rad8 19. Ba1 Nxd5 20. f5 Qh4 21. Ng4 h5 22. Ne5 b5 23. Bxd5 Bxd5 24. Qxb5 1/2-1/2

[Event "UKR-ch sf"]
[Site "Omelnyk"]
[Date "2021.09.30"]
[Round "9"]
[White "Shishkin, Vadim"]
[Black "Tobak, Mikhail"]
[Result "1/2-1/2"]
[WhiteElo "2425"]
[BlackElo "2156"]
[PlyCount "117"]
[EventDate "2021.09.22"]
[EventType "swiss"]
[EventRounds "9"]
[EventCountry "UKR"]
[SourceTitle "CBM 204 Extra"]
[Source "ChessBase"]
[SourceDate "2021.11.30"]
[SourceVersion "1"]
[SourceVersionDate "2021.11.30"]
[SourceQuality "1"]

1. d4 Nf6 2. c4 e6 3. Nc3 Bb4 4. Nf3 d6 5. g3 Bxc3+ 6. bxc3 b6 7. Bg2 Bb7 8. a4 Nc6 9. Nd2 Qc8 10. e4 e5 11. Nb3 Ne7 12. Qd3 Qg4 13. f3 Qg6 14. Kf2 0-0 15. d5 Nd7 16. g4 h5 17. h3 Qf6 18. h4 Ng6 19. Bg5 Nf4 20. Qd2 Qg6 21. Bxf4 exf4 22. Qxf4 Ne5 23. Kg3 Bc8 24. Qg5 hxg4 25. f4 Nxc4 26. Qxg6 fxg6 27. Rhe1 Bd7 28. Bf1 Nb2 29. Bb5 Bxb5 30. axb5 Nd3 31. Rf1 Rfe8 32. Rad1 Nc5 33. Nxc5 bxc5 34. Rfe1 a6 35. bxa6 Rxa6 36. e5 Ra3 37. Re3 Kf7 38. Kxg4 Ra2 39. Rde1 Rd2 40. c4 Rc2 41. Re4 Rb8 42. R1e2 Rc3 43. R2e3 Rc2 44. Rf3 Rb1 45. exd6 Rg1+ 46. Rg3 Rxg3+ 47. Kxg3 cxd6 48. Kg4 Rg2+ 49. Kf3 Rc2 50. Re6 Rxc4 51. Rxd6 Rd4 52. Ke3 Rd1 53. Ke4 Re1+ 54. Kd3 Rd1+ 55. Ke4 Re1+ 56. Kf3 Rd1 57. Rd7+ Kf6 58. d6 c4 59. Rc7 1/2-1/2

[Event "UKR-ch sf"]
[Site "Omelnyk"]
[Date "2021.09.26"]
[Round "5"]
[White "Shishkin, Vadim"]
[Black "Yurovskich, Oleksandr"]
[Result "1/2-1/2"]
[WhiteElo "2425"]
[BlackElo "2285"]
[PlyCount "75"]
[EventDate "2021.09.22"]
[EventType "swiss"]
[EventRounds "9"]
[EventCountry "UKR"]
[SourceTitle "CBM 204 Extra"]
[Source "ChessBase"]
[SourceDate "2021.11.30"]
[SourceVersion "1"]
[SourceVersionDate "2021.11.30"]
[SourceQuality "1"]

1. d4 d5 2. c4 e6 3. Nc3 Nf6 4. cxd5 Nxd5 5. e4 Nxc3 6. bxc3 c5 7. Nf3 cxd4 8. cxd4 Bb4+ 9. Bd2 Bxd2+ 10. Qxd2 0-0 11. Bc4 Nd7 12. 0-0 b6 13. Rad1 Bb7 14. Rfe1 Rc8 15. Bb3 Re8 16. h3 h6 17. Qf4 Qc7 18. Qh4 Qd8 19. Qg3 Qc7 20. e5 Bxf3 21. Qxf3 Nf8 22. Qg3 Qc3 23. Re3 Qb2 24. f4 Rc1 25. Ree1 Rxd1 26. Rxd1 Rc8 27. d5 Rc1 28. Qe1 Rxd1 29. Qxd1 exd5 30. Bxd5 Qb4 31. Qf3 h5 32. Kh2 Ng6 33. Be4 Ne7 34. Qd3 g6 35. h4 Kg7 36. a3 Qe1 37. g3 Nf5 38. Bxf5 1/2-1/2

[Event "Kiev Independence Cup GM"]
[Site "Kiev"]
[Date "2021.09.11"]
[Round "10"]
[White "Vysochin, Spartak"]
[Black "Shishkin, Vadim"]
[Result "1/2-1/2"]
[WhiteElo "2494"]
[BlackElo "2425"]
[PlyCount "49"]
[EventDate "2021.09.03"]
[EventType "tourn"]
[EventRounds "10"]
[EventCountry "UKR"]
[EventCategory "7"]
[SourceTitle "CBM 204 Extra"]
[Source "ChessBase"]
[SourceDate "2021.11.30"]
[SourceVersion "1"]
[SourceVersionDate "2021.11.30"]
[SourceQuality "1"]

1. d4 d5 2. Nf3 Nf6 3. c4 e6 4. Nc3 Be7 5. Bg5 h6 6. Bh4 0-0 7. e3 b6 8. Bd3 Bb7 9. 0-0 dxc4 10. Bxc4 c5 11. dxc5 Bxc5 12. Qxd8 Rxd8 13. Rfd1 Nc6 14. a3 Be7 15. Be2 Rxd1+ 16. Rxd1 Rd8 17. Rxd8+ Bxd8 18. Kf1 Kf8 19. Bg3 Be7 20. Ne5 Nxe5 21. Bxe5 Nd7 22. Bg3 Bf6 23. Bd6+ Be7 24. Bxe7+ Kxe7 25. f3 1/2-1/2

[Event "Kiev Independence Cup GM"]
[Site "Kiev"]
[Date "2021.09.07"]
[Round "5"]
[White "Shishkin, Vadim"]
[Black "Vysochin, Spartak"]
[Result "1/2-1/2"]
[WhiteElo "2425"]
[BlackElo "2494"]
[PlyCount "46"]
[EventDate "2021.09.03"]
[EventType "tourn"]
[EventRounds "10"]
[EventCountry "UKR"]
[EventCategory "7"]
[SourceTitle "CBM 204 Extra"]
[Source "ChessBase"]
[SourceDate "2021.11.30"]
[SourceVersion "1"]
[SourceVersionDate "2021.11.30"]
[SourceQuality "1"]

1. Nf3 d5 2. g3 c6 3. Bg2 Nf6 4. b3 Bf5 5. Bb2 e6 6. c4 Be7 7. 0-0 0-0 8. d3 h6 9. Nbd2 a5 10. a3 Nbd7 11. Ra2 Re8 12. Qa1 Bh7 13. Ne5 Nxe5 14. Bxe5 Bd6 15. Nf3 Bxe5 16. Nxe5 Nd7 17. Nxd7 Qxd7 18. Rc1 Bg6 19. b4 Qd6 20. c5 Qe7 21. Qb2 axb4 22. axb4 Rxa2 23. Qxa2 e5 1/2-1/2

[Event "Kiev Independence Cup GM"]
[Site "Kiev"]
[Date "2021.09.06"]
[Round "4"]
[White "Malakhatko, Vadim"]
[Black "Shishkin, Vadim"]
[Result "1/2-1/2"]
[WhiteElo "2442"]
[BlackElo "2425"]
[PlyCount "41"]
[EventDate "2021.09.03"]
[EventType "tourn"]
[EventRounds "10"]
[EventCountry "UKR"]
[EventCategory "7"]
[SourceTitle "CBM 204 Extra"]
[Source "ChessBase"]
[SourceDate "2021.11.30"]
[SourceVersion "1"]
[SourceVersionDate "2021.11.30"]
[SourceQuality "1"]

1. Nf3 Nf6 2. c4 g6 3. Nc3 d5 4. cxd5 Nxd5 5. e4 Nxc3 6. dxc3 Qxd1+ 7. Kxd1 f6 8. Be3 e5 9. Nd2 Nd7 10. Kc2 Bc5 11. Bxc5 Nxc5 12. f3 Be6 13. Bc4 Ke7 14. b4 Bxc4 15. Nxc4 Ne6 16. Rhd1 Rhd8 17. Rxd8 Rxd8 18. Rd1 Rxd1 19. Kxd1 c6 20. Kd2 b6 21. Ke3 1/2-1/2

[Event "Kiev Independence Cup GM"]
[Site "Kiev"]
[Date "2021.09.05"]
[Round "3"]
[White "Shishkin, Vadim"]
[Black "Sturt, Raven M"]
[Result "1-0"]
[WhiteElo "2425"]
[BlackElo "2501"]
[PlyCount "79"]
[EventDate "2021.09.03"]
[EventType "tourn"]
[EventRounds "10"]
[EventCountry "UKR"]
[EventCategory "7"]
[SourceTitle "CBM 204 Extra"]
[Source "ChessBase"]
[SourceDate "2021.11.30"]
[SourceVersion "1"]
[SourceVersionDate "2021.11.30"]
[SourceQuality "1"]

1. d4 d5 2. c4 e6 3. Nf3 Nf6 4. Nc3 c6 5. Qd3 dxc4 6. Qxc4 b5 7. Qd3 a6 8. e4 Bb7 9. e5 Nd5 10. Bg5 Qb6 11. Nxd5 cxd5 12. Be2 h6 13. Be3 Be7 14. 0-0 Nc6 15. Rac1 Na5 16. b3 Ba3 17. Rb1 Be7 18. Qd2 b4 19. Rfc1 Bc6 20. Rc2 0-0 21. Rbc1 Rfc8 22. Bd3 Bf8 23. Ne1 Bd7 24. h4 h5 25. Qe2 g6 26. g4 Rxc2 27. Rxc2 hxg4 28. Qxg4 Bg7 29. h5 gxh5 30. Qxh5 Bb5 31. Qh7+ Kf8 32. Bh6 Bxh6 33. Qxh6+ Ke7 34. Qf6+ Kd7 35. Qxf7+ Kd8 36. Bxb5 Qxb5 37. Qf8+ Qe8 38. Qd6+ Qd7 39. Qb6+ Ke8 40. Rc7 1-0

[Event "Kiev Spring op"]
[Site "Kiev"]
[Date "2021.07.16"]
[Round "8"]
[White "Lutsko, Artem"]
[Black "Shishkin, Vadim"]
[Result "1/2-1/2"]
[WhiteElo "2147"]
[BlackElo "2434"]
[PlyCount "73"]
[EventDate "2021.07.10"]
[EventType "swiss"]
[EventRounds "9"]
[EventCountry "UKR"]
[SourceTitle "CBM 203 Extra"]
[Source "ChessBase"]
[SourceDate "2021.09.30"]
[SourceVersion "1"]
[SourceVersionDate "2021.09.30"]
[SourceQuality "1"]

1. e4 c5 2. Nf3 d6 3. d4 cxd4 4. Qxd4 Nf6 5. Bb5+ Bd7 6. Bxd7+ Nbxd7 7. 0-0 g6 8. Nc3 Bg7 9. Be3 0-0 10. Qd2 Nb6 11. Bd4 Nc4 12. Qd3 Rc8 13. Rab1 e5 14. Be3 Qa5 15. b4 Qa6 16. Bg5 Nb6 17. Rb3 Qxd3 18. cxd3 Rc6 19. a4 a6 20. a5 Rfc8 21. Bd2 Nbd7 22. Rfb1 Bf8 23. Kf1 Be7 24. Na4 Kg7 25. b5 Rc2 26. bxa6 bxa6 27. Nb6 R8c7 28. Be3 Ra2 29. Nxd7 Rxd7 30. Rb7 Bd8 31. Rxd7 Nxd7 32. Rb7 Ra1+ 33. Ke2 Ra2+ 34. Kf1 Ra1+ 35. Ke2 Ra2+ 36. Kd1 Nc5 37. Ke1 1/2-1/2

[Event "Kiev Spring op"]
[Site "Kiev"]
[Date "2021.07.13"]
[Round "5"]
[White "Shishkin, Vadim"]
[Black "Prokofyev, Valentyn"]
[Result "1/2-1/2"]
[WhiteElo "2434"]
[BlackElo "2201"]
[PlyCount "156"]
[EventDate "2021.07.10"]
[EventType "swiss"]
[EventRounds "9"]
[EventCountry "UKR"]
[SourceTitle "EXT 2024"]
[Source "ChessBase"]
[SourceDate "2023.10.10"]
[SourceVersion "1"]
[SourceVersionDate "2023.10.10"]
[SourceQuality "1"]

1. d4 Nf6 2. c4 g6 3. Nc3 Bg7 4. e4 d6 5. Be2 0-0 6. Be3 e5 7. d5 Na6 8. g4 Nc5 9. Bf3 c6 10. b4 cxd5 11. cxd5 Ncd7 12. g5 Ne8 13. h4 f5 14. Nge2 a6 15. a3 Nb6 16. Qd3 Bd7 17. h5 Rc8 18. h6 Bh8 19. Bxb6 Qxb6 20. Qe3 Qd8 21. Rg1 Rc4 22. Rc1 Nc7 23. Qd3 b5 24. Na2 Rxc1+ 25. Naxc1 Qe7 26. Nc3 Qf7 27. Qe3 fxe4 28. Bxe4 Bc8 29. f3 Bb7 30. Qd2 Na8 31. Nb3 Nb6 32. Na5 Rc8 33. Ke2 Nc4 34. Nxc4 Rxc4 35. Rc1 Qf4 36. Qxf4 exf4 37. Na2 Bb2 38. Rxc4 bxc4 39. a4 Bc8 40. b5 axb5 41. axb5 Ba3 42. Kd2 Bd7 43. b6 Bc8 44. Nc3 Bc5 45. Na4 Bd4 46. Kc2 Bd7 47. Nb2 Bxb6 48. Nxc4 Bc5 49. Bd3 Kf7 50. Kc3 Be8 51. Nd2 Bb6 52. Ne4 Bd8 53. Nxd6+ Kf8 54. Ne4 Bd7 55. d6 Bc6 56. Nc5 Ba5+ 57. Kd4 Bxf3 58. Ne6+ Kf7 59. Bc4 Ke8 60. Bb5+ Kf7 61. Bc4 Ke8 62. Bb5+ Kf7 63. Nxf4 Bd2 64. Bc4+ Ke8 65. Bb5+ Kf7 66. d7 Ba5 67. Bc4+ Kf8 68. Bd3 Bg4 69. Bxg6 hxg6 70. Nxg6+ Kg8 71. Ne5 Bxd7 72. Nxd7 Bd2 73. Nf6+ Kh8 74. Ne4 Bf4 75. Kd5 Kh7 76. Nf6+ Kh8 77. Ne4 Kh7 78. Nf6+ Kh8 1/2-1/2

[Event "Kiev Shystarev Memorial 1st"]
[Site "Kiev"]
[Date "2020.08.30"]
[Round "8"]
[White "Shishkin, Vadim"]
[Black "Zubarev, Alexander2"]
[Result "1-0"]
[WhiteElo "2469"]
[BlackElo "2430"]
[PlyCount "153"]
[EventDate "2020.08.25"]
[EventType "swiss"]
[EventRounds "9"]
[EventCountry "UKR"]
[SourceTitle "CBM 198 Extra"]
[Source "ChessBase"]
[SourceDate "2020.11.30"]
[SourceVersion "1"]
[SourceVersionDate "2020.11.30"]
[SourceQuality "1"]

1. d4 Nf6 2. c4 Nc6 3. Nf3 e6 4. Nc3 Bb4 5. Qc2 d6 6. Bd2 0-0 7. a3 Bxc3 8. Bxc3 a5 9. e3 Qe7 10. Bd3 e5 11. dxe5 dxe5 12. Ng5 h6 13. Nh7 Nxh7 14. Bxh7+ Kh8 15. Be4 Nd8 16. 0-0 f5 17. Bf3 a4 18. Rfd1 e4 19. Be2 Be6 20. Qd2 Nc6 21. Bb4 Nxb4 22. Qxb4 c5 23. Qc3 f4 24. exf4 Rxf4 25. Rd2 Raf8 26. Bf1 Qf7 27. Qe3 b6 28. Re1 Bg4 29. Qg3 Bh5 30. h3 Qf6 31. Re3 Kg8 32. Re1 Kh7 33. Re3 Be8 34. Re1 Bh5 35. Re3 Be8 36. Re1 Bc6 37. Qe3 Qg6 38. Kh2 R8f6 39. Red1 Qf5 40. Kg1 Qe5 41. Re1 Qf5 42. Red1 Rg6 43. Kh1 Qe5 44. Re1 Qg5 45. g3 Rff6 46. Bg2 Re6 47. Qxg5 Rxg5 48. Re3 Rgg6 49. Rde2 Rd6 50. Bxe4 Bxe4+ 51. Rxe4 Rd3 52. Kg2 Rgd6 53. h4 Rd2 54. h5 Rxe2 55. Rxe2 Rd3 56. Kh3 Kg8 57. f4 Kf7 58. Kg4 Kf6 59. Re8 Rb3 60. Ra8 Rxb2 61. Rxa4 Rb3 62. Ra6 Kf7 63. a4 Ke7 64. a5 b5 65. cxb5 Rxb5 66. Rg6 Kf7 67. a6 c4 68. Rc6 Ra5 69. Kf3 c3 70. Ke3 c2 71. Kd2 Ra2 72. g4 Kg8 73. g5 hxg5 74. fxg5 Kh7 75. Kc1 Ra5 76. g6+ Kh6 77. Kxc2 1-0

[Event "Kiev Shystarev Memorial 1st"]
[Site "Kiev"]
[Date "2020.08.27"]
[Round "3"]
[White "Skliarov, Viktor"]
[Black "Shishkin, Vadim"]
[Result "1/2-1/2"]
[WhiteElo "2376"]
[BlackElo "2469"]
[PlyCount "35"]
[EventDate "2020.08.25"]
[EventType "swiss"]
[EventRounds "9"]
[EventCountry "UKR"]
[SourceTitle "CBM 198 Extra"]
[Source "ChessBase"]
[SourceDate "2020.11.30"]
[SourceVersion "1"]
[SourceVersionDate "2020.11.30"]
[SourceQuality "1"]

1. e4 c5 2. Nf3 Nc6 3. Bb5 g6 4. 0-0 Bg7 5. Re1 e5 6. Bxc6 dxc6 7. d3 Qe7 8. Nbd2 Nf6 9. Nc4 Nd7 10. Be3 0-0 11. Qd2 Rd8 12. a3 Nb6 13. Qc3 Bg4 14. Nxb6 axb6 15. Nd2 Be6 16. b4 cxb4 17. axb4 b5 18. Nb3 1/2-1/2